Εθνική τράπεζα της Ελλάδος : έκθεσις, του διοικητού κ. Δημητρίου Ε. Χέλμη εξ ονόματος του διοικητικού συμβουλίου της τραπέζης κατά την γενικήν συνέλευσιν των μετοχών της 30ης Απριλίου 1960

Αποθηκεύτηκε σε:
Λεπτομέρειες βιβλιογραφικής εγγραφής
Κύριος συγγραφέας: Χέλμης, Δημήτριος
Μορφή: Βιβλίο
Γλώσσα:Greek
Δημοσίευση: Αθήναι : Εθνική τράπεζα της Ελλάδος, 1960
Θέματα:
Ετικέτες: Προσθήκη ετικέτας
Δεν υπάρχουν, Καταχωρήστε ετικέτα πρώτοι!

MARC

LEADER 00000nam a2200000 i 4500
001 1/103331
008 950515s gre d
035 |l 10012846 
040 |a GR-MY-UA  |b gre  |e aacr 
041 0 |a gre 
082 0 |a 332.109495 
100 1 |a Χέλμης, Δημήτριος. 
245 1 0 |a Εθνική τράπεζα της Ελλάδος :  |b έκθεσις, του διοικητού κ. Δημητρίου Ε. Χέλμη εξ ονόματος του διοικητικού συμβουλίου της τραπέζης κατά την γενικήν συνέλευσιν των μετοχών της 30ης Απριλίου 1960 /  |c Δημητρίου Ε. Χέλμη 
260 |a Αθήναι :   |b Εθνική τράπεζα της Ελλάδος,   |c 1960 
300 |a 39 σ. 
610 2 0 |a Εθνική Τράπεζα της Ελλάδος. 
650 0 0 |a Banks and banking  |z Greece. 
852 |a INST  |b LESVOS  |e 19950515  |h 332.109495 ΧΕΛ  |p 005100000820  |q 005100000820  |t BK  |y 0 
909 |a Λ  |b 015419